Boys Names that start with S - Statistics

General Stats
  • This quiz has been taken 384 times
  • The average score is 9 of 21
Answer Stats
Answer % Correct
Steven
91%
Samuel
89%
Shawn
73%
Simon
71%
Stanley
67%
Seth
53%
Shane
50%
Solomon
49%
Scott
46%
Saul
44%
Sal
40%
Stefan
40%
Silas
34%
Samson
28%
Sullivan
27%
Spencer
25%
Seamus
22%
Shannon
18%
Sven
17%
Shad
7%
Sylvan
4%
No matching quizzes found
Score Distribution
Percent of People with Each Score
Percentile by Number Answered
Your Score History
You have not taken this quiz